Statistics for NFL Top 50 Rushing Yard Leaders 2023-2024

Click here to take the quiz!

General Stats

  • This quiz has been taken 399 times
  • The average score is 40 of 50

Answer Stats

YardsTeamPlayer% Correct
1,167TitansDerrick Henry
100%
1,45949ersChristian McCaffrey
99%
1,122BillsJames Cook
97%
1,034BengalsJoe Mixon
95%
1,012DolphinsRaheem Mostert
95%
1,144RamsKyren Williams
94%
1,035SteelersNajee Harris
94%
1,005CowboysTony Pollard
94%
1,049EaglesD´Andre Swift
93%
1,015LionsDavid Montgomery
93%
945LionsJahmyr Gibbs
93%
774BroncosJavonte Williams
93%
935ChiefsIsiah Pacheco
92%
962GiantsSaquon Barkley
92%
976FalconsBijan Robinson
91%
994JetsBreece Hall
90%
733CommandersBrian Robinson
90%
805RaidersJosh Jacobs
90%
656PackersAaron Jones
89%
741ColtsJonathan Taylor
89%
1,008JaguarsTravis Etienne
89%
800DolphinsDe´Von Achane
88%
1,040CardinalsJames Conner
88%
905SeahawksKenneth Walker III
85%
990BuccaneersRachaad White
84%
451RaidersZamir White
84%
628ChargersAustin Ekeler
83%
821RavensLamar Jackson
83%
898TexansDevin Singletary
82%
694SaintsAlvin Kamara
81%
810RavensGus Edwards
80%
700VikingsAlexander Mattison
76%
642PatriotsEzekiel Elliott
76%
902PanthersChuba Hubbard
75%
619PatriotsRhamondre Stevenson
74%
613PackersAJ Dillon
72%
784SteelersJaylen Warren
71%
432PanthersMiles Sanders
71%
813BrownsJerome Ford
68%
605EaglesJalen Hurts
67%
657BearsJustin Fields
67%
794ColtsZack Moss
66%
524BillsJosh Allen
65%
611BearsKhalil Herbert
59%
683FalconsTyler Allgeier
57%
462SeahawksZach Charbonnet
52%
453TitansTyjae Spears
48%
425BearsD´Onta Foreman
47%
421VikingsJoshua Dobbs
43%
461VikingsTy Chandler
38%

Score Distribution

Percentile by Number Answered

Percent of People with Each Score

Your Score History

You have not taken this quiz